00690cam a22002175i 4500020001800000020001500018041000800033082001600041100002300057245012900080260002300209300002100232650001800253650001800271650001300289650001800302650001800320942000700338952011000345999001700455 a9788184656367 a818465636X aENG04a241.68bRAJ1 aRajadurai, Samuel,10aPromised land and right to subsistence : the disintegration of peasantry and the neoliberal policy on food security in India aISPCKbDELHIc2017 axxx, 203 pages ; 0aFood security 0aFood security 0aPeasants 0aNeoliberalism 0aNeoliberalism cBK 00104070aHMIbHMIcGENd2020-06-12eISPCKg275.00l0o241.68 RAJp11004412r2026-01-16w2026-01-16yBK c22976d22976